|
|
|
|
| LEADER |
00585cam a2200145 7i4500 |
| 001 |
0000030444 |
| 005 |
20131022090000.0 |
| 090 |
0 |
0 |
|a I 382.06
|b WHA
|
| 245 |
0 |
0 |
|a What makes a winner ?.
|
| 260 |
0 |
0 |
|a Geneva, Switzerland:
|b International Trade Centre (ITC):
|b 2012.
|
| 300 |
# |
# |
|a 34 p.
|
| 500 |
0 |
0 |
|a TPO Network World Conference & Awards 2012 (18 - 19 October 2012 : Kuala Lumpur, Malaysia)
|
| 650 |
0 |
0 |
|a Foreign trade promotion --
|x Societies, etc --
|x Awards
|
| 999 |
|
|
|a 0000033078
|b Book
|c International
|e Business Information Centre
|
| 999 |
|
|
|a 0000033077
|b Book
|c International
|e Business Information Centre
|